John Wesley's theology: (Record no. 13985)

000 -LEADER
fixed length control field 00843nam a2200229 a 4500
001 - CONTROL NUMBER
control field :::00011809$&:&@@
003 - CONTROL NUMBER IDENTIFIER
control field OkBaRHE
005 - DATE AND TIME OF LATEST TRANSACTION
control field 20100402120706.0
008 - FIXED-LENGTH DATA ELEMENTS--GENERAL INFORMATION
fixed length control field s1982 j 000 0 eng u
040 ## - CATALOGING SOURCE
Transcribing agency
100 1# - MAIN ENTRY--PERSONAL NAME
Personal name Wesley, John, 1703-1791.
245 10 - TITLE STATEMENT
Title John Wesley's theology:
Remainder of title a collection from his works.
260 ## - PUBLICATION, DISTRIBUTION, ETC. (IMPRINT)
Place of publication, distribution, etc Nashville, TN., :
Name of publisher, distributor, etc Abingdon
Date of publication, distribution, etc 1982
300 ## - PHYSICAL DESCRIPTION
Extent 302 p. ;
Dimensions 20 cm.
650 ## - SUBJECT ADDED ENTRY--TOPICAL TERM
Topical term or geographic name as entry element Methodist Church
General subdivision Doctrines
650 ## - SUBJECT ADDED ENTRY--TOPICAL TERM
Topical term or geographic name as entry element Theology
General subdivision Doctrinal
700 ## - ADDED ENTRY--PERSONAL NAME
Personal name Burtner, Robert Wallace, Ed.
700 ## - ADDED ENTRY--PERSONAL NAME
Personal name Chiles, Robert Eugene, Joint ed.
942 ## - ADDED ENTRY ELEMENTS (KOHA)
Source of classification or shelving scheme
Koha item type Books
Copies
Date acquired Total Renewals Permanent Location Price effective from Damaged status Withdrawn status Total Checkouts Barcode Not for loan Lost status Copy number Shelving location Source of classification or shelving scheme Current Location Date checked out Koha item type Full call number Date last seen
2010-04-14 RHEMA Bible Training College2010-04-14   11809  1General Stacks   BooksBX 8217 .W54 B82 19822010-04-14
2010-04-142RHEMA Bible Training College2010-04-14  115169  2General Stacks RHEMA Bible Training College2011-10-29BooksBX 8217 .W54 B82 19822011-11-16